| 000 | 01639 am a2200445ua 4500 | ||
|---|---|---|---|
| 999 |
_c29178 _d29149 |
||
| 001 | 010032875 | ||
| 003 | EG-ScBUE | ||
| 005 | 20210614101310.0 | ||
| 008 | 030915t2003 nyu f d 001 0 eng d | ||
| 020 | _a9780071198639 | ||
| 020 | _a0071198636 (International ed.) | ||
| 035 | _a(UkOxU)O15538708 | ||
| 040 |
_aUkOxU _beng _erda _cEG-ScBUE _dUk _dEG-ScBUE |
||
| 082 | 0 | 4 |
_a658.54 _bNIE _222 |
| 100 | 1 |
_aNiebel, Benjamin W., _eauthor. |
|
| 245 | 1 | 0 |
_aMethods, standards and work design / _cBenjamin Niebel, late professor of industrial engineering, the Pennsylvania State University, Niebel & Associates, Andris Freivalds, professor of industrial engineering, the Pennsylvania State University. |
| 250 | _aEleventh edition. | ||
| 264 | 1 |
_aNew York, NY : _bMcGraw-Hill, _c[2003] |
|
| 264 | 4 | _cc2003 | |
| 300 |
_axix, 747 pages : _billustrations ; _c24 cm |
||
| 336 |
_atext _2rdacontent _btxt |
||
| 337 |
_aunmediated _2rdamedia _bn |
||
| 338 |
_avolume _2rdacarrier _bnc |
||
| 500 | _aPreviously published under the title: Motion and time study. | ||
| 500 | _aIncludes index. | ||
| 500 | _aIncludes appendices. | ||
| 500 | _aIncludes glossary. | ||
| 650 | 7 |
_aWork design. _2BUEsh |
|
| 650 | 7 |
_aHuman engineering. _2BUEsh |
|
| 650 | 7 |
_aTime study. _2BUEsh |
|
| 650 | 7 |
_aMotion study. _2BUEsh |
|
| 653 |
_bENGGEN _cJune2021 |
||
| 655 |
_vReading book _934232 |
||
| 700 | 1 |
_aFreivalds, Andris, _eauthor. |
|
| 700 | 1 | 2 |
_aNiebel, Benjamin W.. _tMotion and time study. |
| 740 | 0 | 2 | _aMotion and time study. |
| 942 |
_2ddc _cBB |
||